000 00932nam a2200253 i 4500
001 188765
003 ES-MaACL
005 20250927162923.0
007 t|
008 190213s1971 sp ||||1| spa d
100 1 _aFrench, Edward L.
_9166223
245 1 0 _aCómo ayudar a su hijo retrasado /
_cEdward, L. French y J. Gliffors Scott ; prólogo de Josep Martinez de Foix ; versión castellana de Esteban Riambau.
260 _aBarcelona :
_bNova Terra,
_c[1971]
300 _a180 p. ;
_c20 cm.
490 1 _aColección "Navidad" ;
_v37
650 4 _aNiños con discapacidad mental-
_xEducación.
_9148837
650 0 7 _aEducación familiar
_2embne
_912106
700 1 _aScott J. Cliffors.
_9166224
700 1 _aMartínez de Foix, José.
_9166225
700 1 _aRiambau, Esteve,
_d1925-1994
_9156353
830 0 _aColección "Navidad" ;
_v37
_9181795
852 _aES-MaACL
_jP-474-Ter-35
999 _c188765
_d188765